[Event "Salta Escoda Memorial"]
[Site "Salta"]
[Date "2016.01.27"]
[Round "4"]
[White "Nunez, Jorge"]
[Black "Garcia, Jose Luis"]
[Result "1-0"]
[WhiteElo "2280"]
[BlackElo "2039"]
[PlyCount "36"]
[EventDate "2016.01.22"]
[EventType "swiss"]
[EventRounds "7"]
[EventCountry "ARG"]
[SourceTitle "CBM 170 Extra"]
[Source "ChessBase"]
[SourceDate "2016.02.25"]
[SourceVersion "1"]
[SourceVersionDate "2016.02.25"]
[SourceQuality "1"]

1. d4 Nf6 2. Nf3 g6 3. c4 Bg7 4. Nc3 d6 5. Bg5 Nbd7 6. h3 c6 7. e3 0-0 8. Bd3 e5 9. 0-0 Qc7 10. e4 exd4 11. Nxd4 Ne5 12. Be2 Re8 13. Re1 a5 14. a4 Ned7 15. Bf3 Nc5 16. Qd2 Qb6 17. Rad1 Qb4 18. Nc2 Nfxe4 1-0